Geography Quiz

Random Geography or Flags Quiz

Multiple Choice Flags of North America Minefield Quiz Stats

 Plays Quiz not verified by Sporcle

Score 0/23 Timer 03:00
1 Play Today
Question Answer Wrong Answers
Canada ???
70.8%
???
0%
???
0%
???
0%
Jamaica ???
70.5%
???
0.4%
???
0%
???
0%
Cuba ???
69.9%
???
0.1%
???
0.1%
???
0.1%
United States ???
69.8%
???
0.2%
???
0.1%
???
0%
Mexico ???
68.4%
???
0.1%
???
0%
???
0.8%
Guatemala ???
68.3%
???
0%
???
0.3%
???
0.5%
Trinidad and Tobago ???
67.6%
???
0.3%
???
0%
???
0.3%
Bahamas ???
67.5%
???
0.1%
???
2.4%
???
0%
Belize ???
67.5%
???
0%
???
0.8%
???
0.5%
St. Lucia ???
67.2%
???
0.5%
???
0.1%
???
0.5%
El Salvador ???
67.1%
???
0.8%
???
0.2%
???
1.1%
Dominican Republic ???
66.7%
???
1%
???
0.4%
???
1.3%
Panama ???
66.6%
???
0.5%
???
0.5%
???
0.2%
St. Kitts and Nevis ???
66.6%
???
0.2%
???
1.8%
???
0.3%
Barbados ???
66.5%
???
1.5%
???
0.4%
???
0.1%
Haiti ???
66.4%
???
1%
???
0.4%
???
0.2%
Grenada ???
65.9%
???
1.1%
???
0.4%
???
0.1%
St. Vincent and the Grenadines ???
65.9%
???
0.1%
???
0.6%
???
1.6%
Dominica ???
65.1%
???
0.8%
???
3.2%
???
0.6%
Antigua and Barbuda ???
64.9%
???
0.5%
???
2.4%
???
0.3%
Honduras ???
64.7%
???
1.8%
???
1.1%
???
0%
Costa Rica ???
64.6%
???
1.7%
???
3.5%
???
0.8%
Nicaragua ???
61.7%
???
0%
???
2.1%
???
4.9%

You're not logged in!

Compare scores with friends on all Sporcle quizzes.
OR
Log In

Show Comments

Extras

Top Quizzes Today


Score Distribution

Your Account Isn't Verified!

In order to create a playlist on Sporcle, you need to verify the email address you used during registration. Go to your Sporcle Settings to finish the process.

Report this User

Report this user for behavior that violates our Community Guidelines.

Details: